Olympischer Medaillenspiegel - Synchronschwimmen - Statistiken

Allgemein
  • Dieses Quiz wurde 26 mal gespielt
  • Das Durchschnittsergebnis liegt bei 7 aus 9
Antwortstatistiken
Gesamt Gold Silber Bronze Land % Korrekt
10 10 0 0 Russland
100%
2 2 0 0 Russisches Olympisches Komitee
96%
7 0 5 2 China
92%
14 0 4 10 Japan
92%
9 5 2 2 Vereinigte Staaten
92%
8 3 4 1 Kanada
80%
1 0 0 1 Frankreich
72%
4 0 3 1 Spanien
56%
2 0 0 2 Ukraine
36%
Keine übereinstimmenden Quizze gefunden
Verteilung der Resultate
Anzahl Personen mit jedem Resultat
Perzentil nach korrekt beantworteten Fragen
Ihre Resultats-Entwicklung
Sie haben dieses Quiz noch nicht gespielt